000 00369nam a22001577a 4500
003 OSt
005 20211126105128.0
008 211126b |||||||| |||| 00| 0 eng d
020 _a8125912932
040 _cHU
100 _aJ.C AGGARWAL
_914684
245 _aTHEORY AND PRINCIPES OF EDUCATION
260 _aDELHI
_bHALL
_c1985
300 _a461
942 _2ddc
_cBOOKS
_n0
999 _c20360
_d20360